Innovations in the practice of trade and economic co-operation between the socialist countries of eastern europe and the developing countries (Record no. 497853)

000 -LEADER
fixed length control field 00509cam a22001097a 4500
008 - FIXED-LENGTH DATA ELEMENTS--GENERAL INFORMATION
fixed length control field 180718b1970 xxu||||| |||| 00| 0 eng d
082 ## - DEWEY DECIMAL CLASSIFICATION NUMBER
Classification number T39 Un3in
245 ## - TITLE STATEMENT
Title Innovations in the practice of trade and economic co-operation between the socialist countries of eastern europe and the developing countries
Statement of responsibility, etc. by United Nations Conference on Trade and Development, Switzerland
260 ## - PUBLICATION, DISTRIBUTION, ETC.
Place of publication, distribution, etc. New York
Name of publisher, distributor, etc. United Nations
Date of publication, distribution, etc. 1970
300 ## - PHYSICAL DESCRIPTION
Extent 39+p
700 ## - ADDED ENTRY--PERSONAL NAME
Personal name Switzerland. United Nations Conference on Trade and Development
Holdings
Withdrawn status Lost status Damaged status Not for loan Permanent Location Current Location Date acquired Full call number Barcode Date last seen Price effective from Koha item type
        Indian Institute of Public Administration Indian Institute of Public Administration 2018-08-04 T39 Un3in G10526 2018-08-04 2018-08-04 G

Powered by Koha